Country commerce : Greece 2003.

Bibliographic Details
Format: Book
Published: London: The Economist Intelligence Unit, 2003.
Subjects:
LEADER 00465cam a2200157 7i4500
001 0000014985
005 20050115090000.0
090 0 0 |a GREC 380.1   |b COU 
245 0 0 |a Country commerce :   |b Greece 2003. 
260 0 0 |a London:   |b The Economist Intelligence Unit,   |c 2003. 
300 # # |a 76 p.. 
650 0 0 |a Business --   |z Greece  
650 0 0 |a Investments --   |z Greece  
650 0 0 |a Commerce --   |z Greece  
651 0 0 |a Greece  
999 |a B000016441  |b Book  |c Countries  |e Business Information Centre